000 00475cam a2200157 4500500
005 20260329001745.0
041 _afre
042 _adc
100 1 0 _aChapuis, Émilie
_eauthor
245 0 0 _aLe songe de Monomotapa
260 _c2009.
500 _a43
690 _aAmitié
786 0 _nPhilosophie magazine | 27 | 3 | 2009-03-01 | p. 42-43 | 1951-1787
856 4 1 _uhttps://shs.cairn.info/magazine-philosophie-magazine-2009-3-page-42?lang=fr&redirect-ssocas=7080
999 _c1808337
_d1808337